1635 1522 1685 1936 1863 1104 1631 1802 1545 1798 1954 1163 1693 1915 1324 1159 1025 1685 1842 1948 1317 1575 1918 1746 1350 1334 1770 1844 1308 1196 1192 1593 1037 1929 1898 1583 1929 1163 1535 1308 1452 1187 1140 1685 1790 1081 1236 1199 1953 1152 1004 1065 1895 1779 1137 1314 1730 1813 1534 1318 1379 1304 1074 1890 1632 1876 1779 1569 1169 1103 1435 1898 1920 1034 1209 1777 1753 1204 1584 1853 1136 1852 1671 1588 1769 1148 1108 1369 1757 1482 1757 1554 1339 1336 1853 1138 1919 1903 1410 BCNSPRNW ULIB Ver.6.0+V

เปลี่ยนเป็นภาษาไทย

Change to English
 แสดงรายละเอียดบรรณานุกรม
  กลับหน้าหลัก

Brief Record : Get Marc (ISO 2709) : E-mail record : QR code < ปิดหน้าต่าง
LEADER : 00000nam 2200000uu 4500
001    13399120300
003     ULIB
008    120918s2553||||th 000 0 tha d
024    ^a9789746723251(ล.1)
060 04 ^aWY159^bก492 2553 ล.1
245 00 ^aการพยาบาลเด็ก เล่มที่ 1^nPediatric nursing /^cบรรณาธิการ มาลี เอื้ออำนวย,สุธิศา ล่ามช้าง, จรัสศรี เย็นบุตร
250    ^aพิมพ์ครั้งที่ 1
260    ^aเชียงใหม่ :^bคณะพยาบาลศาสตร์ มหาวิทยาลัยเชียงใหม่,^c2553
300    ^a 195 หน้า. ;^c26 ซม.
650  7 ^aการพยาบาลกุมารเวชศาสตร์
650  7 ^aเด็ก^xการดูแล
650  7 ^aเด็ก^xโรค
700 0  ^aมาลี เอื้อำนวย,^eบรรณาธิการ
700 0  ^aสุธิศา ล่ามช้าง,^eบรรณาธิการ
700 0  ^aจรัสศรี เย็นบุตร,^eบรรณาธิการ
945    ^p250^l0^i15651
995    ^a เกษร
999    ^aใช้งานได้ทุกระบบ
รายการนี้ยังไม่มีแท็ก
คุณยังไม่ได้ล็อกอิน คุณสามารถมีกิจกรรมร่วมกับเว็บไซต์ได้ แต่ต้องล็อกอินก่อน ::
  ล็อกอิน

รายการสื่อสารสนเทศ

ลำดับที่ ประเภท เลขเรียก/บาร์โค้ด สถานที่ สถานะ
1. วิทยาศาสตร์การแพทย์ และสุขภาพ
วิทยาศาสตร์การแพทย์ และสุขภาพ
WY159 ก492 2553 ล.1  
  Barcode: 15651
ห้องสมุดวิทยาเขตนครสวรรค์
►ส่วนจัดเก็บหนังสือเก่า นว.
บนชั้น
  ขอยืม

รายการใกล้เคียง
    หัวเรื่อง [การพยาบาลกุมารเวชศาสตร์]
    หัวเรื่อง [เด็ก การดูแล]

BibComment


ยังไม่เคยถูกคอมเมนท์

คอมเมนท์ทรัพยากรรายการนี้
  คอมเมนท์: การพยาบาลเด็ก เล..


 Copyright 2026. Bcnsprnw @Library